EY Emerging Markets Centre (Record no. 121018)

MARC details
000 -LEADER
fixed length control field 00692cai a22001935a 4500
001 - CONTROL NUMBER
control field L158287
008 - FIXED-LENGTH DATA ELEMENTS--GENERAL INFORMATION
fixed length control field 141124u xxk g 000 0 eng d
035 ## - SYSTEM CONTROL NUMBER
System control number (Sirsi) u158287
041 0# - LANGUAGE CODE
Language code of text/sound track or separate title eng
110 2# - MAIN ENTRY--CORPORATE NAME
Corporate name or jurisdiction name as entry element Ernst & Young
9 (RLIN) 4001
245 00 - TITLE STATEMENT
Title EY Emerging Markets Centre
Medium [electronic resource]
520 ## - SUMMARY, ETC.
Summary, etc. Gateway portal to market insight and trends in emerging markets. There is a facility to search for information by country and sector.
590 ## - LOCAL NOTE (RLIN)
Local note KA
690 ## - LOCAL SUBJECT ADDED ENTRY--TOPICAL TERM (OCLC, RLIN)
Topical term or geographic name as entry element Investments
9 (RLIN) 6250
690 ## - LOCAL SUBJECT ADDED ENTRY--TOPICAL TERM (OCLC, RLIN)
Topical term or geographic name as entry element Commercial property
9 (RLIN) 6227
690 ## - LOCAL SUBJECT ADDED ENTRY--TOPICAL TERM (OCLC, RLIN)
Topical term or geographic name as entry element Finance and taxation
856 40 - ELECTRONIC LOCATION AND ACCESS
Uniform Resource Identifier <a href="https://emergingmarkets.ey.com/">https://emergingmarkets.ey.com/</a>
Public note View the website free of charge at www/emergingmarkets.ey.com
942 ## - ADDED ENTRY ELEMENTS (KOHA)
Suppress in OPAC 0
Holdings
Withdrawn status Lost status Source of classification or shelving scheme Damaged status Not for loan Home library Current library Shelving location Date acquired Total Checkouts Full call number Barcode Date last seen Copy number Price effective from Koha item type
    Dewey Decimal Classification     Virtual Virtual Online 24/11/2014   ONLINE PUBLICATONI 158287-2001 06/08/2019 1 06/08/2019 Online material